000 00694nam a2200229Ia 4500
003 OSt
005 20221005133821.0
006 a|||||r|||| 00| 0
007 ta
008 221004b |||||||| |||| 00| 0 pan d
024 _a63088
037 _cTextual
040 _aCRL
_cCRL
_bpan
041 _2pan
_apan
082 _aO153,2NKAN2,1, L9
100 _aਕੰਵਲ, ਸੁਰਜੀਤ ਸਿੰਘ
245 0 _aਬਲਦੇ ਸਿਵੇ ਬੁੱਝਦੇ ਅੰਗਿਆਰ
260 _c1979
650 _aਪੰਜਾਬੀ ਸਾਹਿਤ
942 _hO153,2NKAN2,1, L9
_cTEXL
_2cc
999 _c1067974
_d1067974